[Event "DEN-ch 1989"]
[Site "Aalborg"]
[Date "1989.??.??"]
[Round "1"]
[White "Hoi, Carsten"]
[Black "Jakobsen, Ole"]
[Result "1-0"]
[WhiteElo "2510"]
[BlackElo "2380"]
[PlyCount "113"]
[EventDate "1989.??.??"]

1. d4 Nf6 2. Nf3 d6 3. c4 Nbd7 4. Nc3 c6 5. Bg5 h6 6. Bh4 g5 7. Bg3 Nh5 8. e3
Nxg3 9. fxg3 Bg7 10. Bd3 Nf6 11. O-O O-O 12. Bc2 Bg4 13. h4 e6 14. hxg5 hxg5
15. Qd2 Bxf3 16. Rxf3 Ng4 17. Ne4 c5 18. Nf2 Nxf2 19. Rxf2 d5 20. Qd3 f5 21.
cxd5 cxd4 22. e4 Qf6 23. dxe6 fxe4 24. Rxf6 exd3 25. Rxf8+ Kxf8 26. Rf1+ Ke7
27. Rf7+ Kd6 28. Bxd3 Be5 29. Bf5 Re8 30. Rd7+ Kc5 31. Kf2 d3 32. Rxd3 Bxb2 33.
Rd7 Bf6 34. Rxb7 Re7 35. Rb8 Kd6 36. Kf3 Rc7 37. Kg4 Be7 38. Kh5 Ke5 39. Kg6
Kd6 40. Rb1 Ke5 41. Re1+ Kd6 42. Rd1+ Ke5 43. g4 Rb7 44. a4 a5 45. Rd2 Ra7 46.
Re2+ Kd6 47. Kf7 Kc5 48. Ke8 Kb4 49. Rd2 Bc5 50. Rd7 Ra8+ 51. Kf7 Rf8+ 52. Kg7
Re8 53. Rd5 Rb8 54. Kf6 Rf8+ 55. Kxg5 Be7+ 56. Kg6 Kxa4 57. Rd7 1-0

[Event "DEN-ch 1989"]
[Site "Aalborg"]
[Date "1989.??.??"]
[Round "1"]
[White "Jacobsen, Bo"]
[Black "Larsen, Bent"]
[Result "1/2-1/2"]
[WhiteElo "2320"]
[BlackElo "2580"]
[PlyCount "131"]
[EventDate "1989.??.??"]

1. c4 g6 2. g3 Bg7 3. Bg2 Nc6 4. Nc3 d6 5. Rb1 f5 6. e3 Nf6 7. b4 O-O 8. b5 Ne5
9. d4 Nf7 10. Nge2 e5 11. dxe5 dxe5 12. Ba3 Qxd1+ 13. Rxd1 Re8 14. Nd5 Nxd5 15.
Bxd5 a6 16. Bb4 axb5 17. cxb5 Ra4 18. Rb1 Be6 19. Nc3 Rxb4 20. Rxb4 e4 21. Rd4
Bxd4 22. exd4 Bxd5 23. Nxd5 Ra8 24. O-O Nd6 25. Nxc7 Rxa2 26. Rc1 Kf7 27. b6
Ra4 28. Nd5 Rc4 29. Rd1 Nb5 30. Ne3 Rxd4 31. Rc1 Ke6 32. Rc8 Rd7 33. h4 Nd4 34.
Kg2 Nc6 35. Nc4 Re7 36. Ne3 Ne5 37. Rd8 Rd7 38. Re8+ Kf6 39. Rf8+ Ke7 40. Rc8
Nf7 41. Kf1 Nd8 42. h5 Ne6 43. hxg6 hxg6 44. Rb8 Kf6 45. Nc4 g5 46. Na5 Nd8 47.
Rc8 Rd5 48. Nc4 f4 49. gxf4 gxf4 50. Rc7 Ke6 51. Kg2 Rg5+ 52. Kh2 e3 53. fxe3
f3 54. Rc8 Nf7 55. Re8+ Kd5 56. Re7 Rg2+ 57. Kh1 Ng5 58. Ne5 Rb2 59. Ng4 Kc6
60. Re5 Rb5 61. Kg1 Kxb6 62. Kf2 Ra5 63. Kg3 Ka6 64. e4 Rxe5 65. Nxe5 b5 66.
Nxf3 1/2-1/2

[Event "DEN-ch 1989"]
[Site "Aalborg"]
[Date "1989.??.??"]
[Round "1"]
[White "Jelling, Erik"]
[Black "Kristiansen, Jens"]
[Result "1/2-1/2"]
[WhiteElo "2355"]
[BlackElo "2445"]
[PlyCount "51"]
[EventDate "1989.??.??"]

1. d4 f5 2. Nf3 Nf6 3. g3 e6 4. Bg2 d5 5. O-O Bd6 6. b3 Qe7 7. Bb2 O-O 8. Nbd2
Nbd7 9. c4 c6 10. Ne5 Ne4 11. Nd3 b6 12. f3 Nxd2 13. Qxd2 Ba6 14. Rac1 dxc4 15.
bxc4 c5 16. f4 Rac8 17. d5 e5 18. e3 e4 19. Nf2 Nf6 20. a4 Rcd8 21. Qc2 h5 22.
Rfe1 Qf7 23. h3 Qg6 24. Bxf6 Qxf6 25. g4 g6 26. g5 1/2-1/2

[Event "DEN-ch 1989"]
[Site "Aalborg"]
[Date "1989.??.??"]
[Round "1"]
[White "Mortensen, Erling"]
[Black "Fries Nielsen, Jens Ove"]
[Result "1/2-1/2"]
[WhiteElo "2480"]
[BlackElo "2400"]
[PlyCount "42"]
[EventDate "1989.??.??"]

1. e4 c6 2. d4 d5 3. exd5 cxd5 4. c4 Nf6 5. Nc3 Nc6 6. Bg5 Qb6 7. cxd5 Nxd4 8.
Nf3 Nxf3+ 9. Qxf3 Bd7 10. Bc4 Rc8 11. b3 Ng4 12. Bf4 g5 13. Bg3 Bg7 14. d6 Rxc4
15. bxc4 Ne3 16. Qxe3 Qxe3+ 17. fxe3 Bxc3+ 18. Kf2 Bxa1 19. Rxa1 exd6 20. Bxd6
Bc6 21. Bc5 a6 1/2-1/2

[Event "DEN-ch 1989"]
[Site "Aalborg"]
[Date "1989.??.??"]
[Round "1"]
[White "Fries Nielsen, Niels Jorgen"]
[Black "Schandorff, Lars"]
[Result "0-1"]
[WhiteElo "2340"]
[BlackElo "2455"]
[PlyCount "96"]
[EventDate "1989.??.??"]

1. e4 c5 2. Nc3 e6 3. g3 Nc6 4. Bg2 g6 5. d3 Bg7 6. Be3 d6 7. Qc1 Rb8 8. Nce2
Qb6 9. c3 Ne5 10. Kd2 Qa6 11. Qc2 Ng4 12. f3 Nxe3 13. Kxe3 Nf6 14. Kf2 O-O 15.
Nh3 b5 16. Rhe1 Qb6 17. Kf1 e5 18. Nf2 d5 19. b3 Be6 20. Bh3 Bxh3+ 21. Nxh3 c4
22. Nf2 cxd3 23. Qxd3 Rbd8 24. Qc2 dxe4 25. fxe4 Bh6 26. Rad1 Be3 27. Nh1 Qc6
28. Ng1 Rxd1 29. Qxd1 Bxg1 30. Kxg1 Qxc3 31. Nf2 Kg7 32. Kg2 Rc8 33. Re2 Qc5
34. Rd2 Rc7 35. Rd8 Qe7 36. Rd6 Rd7 37. Rxd7 Qxd7 38. Qe2 a6 39. Qc2 Qd4 40.
Qc6 h5 41. Kf3 Ng4 42. Nxg4 Qd1+ 43. Ke3 hxg4 44. Qxa6 Qd4+ 45. Ke2 Qxe4+ 46.
Kd2 Qd5+ 47. Kc2 Qc5+ 48. Kb2 b4 0-1

[Event "DEN-ch 1989"]
[Site "Aalborg"]
[Date "1989.??.??"]
[Round "2"]
[White "Berg, Klaus"]
[Black "Jacobsen, Bo"]
[Result "0-1"]
[WhiteElo "2420"]
[BlackElo "2320"]
[PlyCount "84"]
[EventDate "1989.??.??"]

1. d4 Nf6 2. c4 d6 3. Nc3 g6 4. e4 Bg7 5. Nf3 O-O 6. Be2 e5 7. O-O Nc6 8. d5
Ne7 9. Nd2 a5 10. a3 Nd7 11. Rb1 f5 12. b4 Kh8 13. f3 f4 14. Na4 Nf6 15. c5
axb4 16. axb4 Bd7 17. b5 b6 18. cxd6 cxd6 19. Ba3 Nc8 20. Qb3 Rg8 21. Rfc1 Bf8
22. Rc2 g5 23. g4 fxg3 24. hxg3 g4 25. f4 exf4 26. gxf4 Nh5 27. f5 Qh4 28. Bb2+
Bg7 29. Bxg7+ Rxg7 30. Nb2 g3 31. Nf3 Qxe4 32. Re1 Ne7 33. Rc7 Qxf5 34. Nc4
Nxd5 35. Nxd6 Qe6 36. Rxd7 Rxd7 37. Ng5 Qf6 38. Ndf7+ Rxf7 39. Nxf7+ Qxf7 40.
Rf1 Nhf4 41. Bc4 Qg7 42. Bxd5 Qd4+ 0-1

[Event "DEN-ch 1989"]
[Site "Aalborg"]
[Date "1989.??.??"]
[Round "2"]
[White "Hoi, Carsten"]
[Black "Sorensen, Jan"]
[Result "1-0"]
[WhiteElo "2510"]
[BlackElo "2335"]
[PlyCount "67"]
[EventDate "1989.??.??"]

1. d4 Nf6 2. Nf3 g6 3. c4 c5 4. e3 Bg7 5. Nc3 O-O 6. Be2 cxd4 7. exd4 d5 8. h3
b6 9. O-O Bb7 10. Ne5 Nbd7 11. Bf4 Rc8 12. Bf3 Nxe5 13. dxe5 Nd7 14. Bxd5 Bxd5
15. Qxd5 Rc5 16. Qe4 Nxe5 17. Rad1 Qc8 18. Nd5 Qe6 19. Bxe5 Bxe5 20. Rfe1 Bf6
21. Qf3 Qc6 22. Rxe7 Kg7 23. Rc7 Qe6 24. Rxc5 bxc5 25. Qxf6+ Qxf6 26. Nxf6 Kxf6
27. Rd7 a5 28. Ra7 Rd8 29. Rxa5 Rd1+ 30. Kh2 Rd2 31. Rb5 Rxf2 32. a4 Ke6 33. a5
Rc2 34. a6 1-0

[Event "DEN-ch 1989"]
[Site "Aalborg"]
[Date "1989.??.??"]
[Round "2"]
[White "Jakobsen, Ole"]
[Black "Schandorff, Lars"]
[Result "1/2-1/2"]
[WhiteElo "2380"]
[BlackElo "2455"]
[PlyCount "85"]
[EventDate "1989.??.??"]

1. c4 Nf6 2. Nc3 c5 3. Nf3 d5 4. cxd5 Nxd5 5. g3 Nc6 6. Bg2 Nc7 7. O-O e5 8. d3
Be7 9. Nd2 Bd7 10. Nc4 f6 11. f4 b5 12. Ne3 Rc8 13. f5 Nd4 14. Ne4 O-O 15. Bd2
Be8 16. Rc1 Na6 17. g4 Bf7 18. b3 Nb4 19. Bxb4 cxb4 20. Qd2 Qd7 21. Kh1 Rxc1
22. Rxc1 Rc8 23. Rf1 Qd8 24. h4 Kh8 25. Bh3 a5 26. g5 a4 27. bxa4 bxa4 28. gxf6
gxf6 29. Rg1 Qf8 30. Ng4 Rc2 31. Qd1 b3 32. axb3 Bxb3 33. Nd2 Bd5+ 34. Bg2 Bf7
35. e3 Rxd2 36. Qxd2 Nxf5 37. Qf2 Be6 38. Rf1 Qg7 39. Bh3 Nxe3 40. Nxe3 Bxh3
41. Rg1 Qf8 42. Qf3 Bd7 43. Qd5 1/2-1/2

[Event "DEN-ch 1989"]
[Site "Aalborg"]
[Date "1989.??.??"]
[Round "2"]
[White "Kristiansen, Jens"]
[Black "Mortensen, Erling"]
[Result "0-1"]
[WhiteElo "2445"]
[BlackElo "2480"]
[PlyCount "100"]
[EventDate "1989.??.??"]

1. Nf3 Nf6 2. g3 g6 3. b4 Bg7 4. Bb2 d6 5. Bg2 e5 6. d3 O-O 7. Nbd2 Nbd7 8. O-O
Rb8 9. e4 Qe7 10. c4 Ne8 11. Qc2 b6 12. a3 a6 13. Rfe1 c6 14. Nf1 Nc7 15. Ne3
Ne6 16. Qd2 Nd4 17. Nxd4 exd4 18. Nc2 c5 19. a4 h5 20. h3 h4 21. g4 g5 22. Bc1
Bf6 23. Rf1 Ne5 24. f4 gxf4 25. Qxf4 Bg7 26. Ne1 Be6 27. g5 Ng6 28. Qd2 f6 29.
b5 axb5 30. axb5 Ne5 31. Nf3 Nxf3+ 32. Rxf3 f5 33. exf5 Bxf5 34. Qf2 Bxd3 35.
Rxf8+ Rxf8 36. Bd5+ Kh7 37. Qxh4+ Kg6 38. Bf4 Rh8 39. Qg3 Bf5 40. Re1 Be5 41.
Bxe5 Rxh3 42. Qg2 dxe5 43. Be4 Rh4 44. Bxf5+ Kxf5 45. Rf1+ Rf4 46. Rxf4+ exf4
47. Qd5+ Qe5 48. Qc6 Qe1+ 49. Kg2 Qe2+ 50. Kg1 f3 0-1

[Event "DEN-ch 1989"]
[Site "Aalborg"]
[Date "1989.??.??"]
[Round "2"]
[White "Larsen, Bent"]
[Black "Jelling, Erik"]
[Result "1-0"]
[WhiteElo "2580"]
[BlackElo "2355"]
[PlyCount "112"]
[EventDate "1989.??.??"]

1. Nf3 d5 2. c4 c6 3. e3 Nf6 4. Nc3 g6 5. d4 Bg7 6. Be2 O-O 7. O-O Bg4 8. cxd5
Nxd5 9. h3 Bxf3 10. Bxf3 e6 11. Qb3 Qb6 12. Qc2 Nd7 13. Bd2 Rfe8 14. Rfd1 Rad8
15. Rac1 Nxc3 16. Bxc3 Qc7 17. g3 e5 18. d5 cxd5 19. Rxd5 Nf6 20. Rxd8 Rxd8 21.
Rd1 Rxd1+ 22. Qxd1 b6 23. Bg2 h5 24. Qa4 Nd7 25. Bd5 Bf6 26. Qb3 Kg7 27. h4 Nf8
28. Kg2 Nd7 29. e4 Nf8 30. a4 a5 31. Bd2 Nd7 32. Be3 Nc5 33. Qc4 Qd7 34. b3 Bd8
35. Bxc5 bxc5 36. Qxc5 Qc7 37. b4 axb4 38. Qxb4 Be7 39. Qb5 Bc5 40. Qe8 Bd4 41.
a5 Ba7 42. a6 Bb6 43. f3 Bd4 44. Qc6 Qxc6 45. Bxc6 Kf8 46. Kf1 Ke7 47. Ke2 f6
48. f4 exf4 49. gxf4 Ba7 50. Bd5 Bb6 51. Kf3 Bc5 52. Bg8 Kf8 53. Bc4 Ke7 54. e5
fxe5 55. fxe5 Kd7 56. Kf4 Kc7 1-0

[Event "DEN-ch 1989"]
[Site "Aalborg"]
[Date "1989.??.??"]
[Round "2"]
[White "Fries Nielsen, Jens Ove"]
[Black "Fries Nielsen, Niels Jorgen"]
[Result "1/2-1/2"]
[WhiteElo "2400"]
[BlackElo "2340"]
[PlyCount "25"]
[EventDate "1989.??.??"]

1. d4 Nf6 2. Nf3 e6 3. c4 Bb4+ 4. Bd2 Qe7 5. g3 b6 6. Bg2 Bb7 7. O-O Bxd2 8.
Qxd2 O-O 9. Nc3 d6 10. Nh4 Bxg2 11. Nxg2 Nbd7 12. Ne3 Ne8 13. d5 1/2-1/2

[Event "DEN-ch 1989"]
[Site "Aalborg"]
[Date "1989.??.??"]
[Round "3"]
[White "Jacobsen, Bo"]
[Black "Hoi, Carsten"]
[Result "0-1"]
[WhiteElo "2320"]
[BlackElo "2510"]
[PlyCount "64"]
[EventDate "1989.??.??"]

1. c4 g6 2. g3 Bg7 3. Bg2 Nf6 4. Nc3 O-O 5. d4 d6 6. Nf3 Bg4 7. O-O Bxf3 8.
exf3 c6 9. d5 cxd5 10. Nxd5 Nbd7 11. Re1 Nxd5 12. Qxd5 Nb6 13. Qxb7 Nxc4 14. f4
Rb8 15. Qxe7 Qa5 16. f5 Qxf5 17. Qxa7 Bxb2 18. Bxb2 Rxb2 19. Qd4 Rd2 20. Qf4
Rb8 21. Qxf5 gxf5 22. Red1 Rdb2 23. a4 Na5 24. Rxd6 Rc8 25. Rd5 Nb3 26. Rad1
Rcc2 27. Rxf5 Nc5 28. Bd5 Ne6 29. a5 Kg7 30. a6 Rc7 31. Ra1 Ra7 32. Bb7 Rbxb7
0-1

[Event "DEN-ch 1989"]
[Site "Aalborg"]
[Date "1989.??.??"]
[Round "3"]
[White "Jelling, Erik"]
[Black "Berg, Klaus"]
[Result "1-0"]
[WhiteElo "2355"]
[BlackElo "2420"]
[PlyCount "77"]
[EventDate "1989.??.??"]

1. d4 Nf6 2. c4 e6 3. Nc3 c5 4. d5 exd5 5. cxd5 d6 6. Nf3 g6 7. Bf4 Bg7 8. e4
O-O 9. Be2 Bg4 10. Nd2 Bxe2 11. Qxe2 Nh5 12. Be3 Na6 13. O-O Nc7 14. a4 Qd7 15.
g4 Nf6 16. f3 Rae8 17. Nc4 Re7 18. Bg5 h6 19. Bh4 b5 20. axb5 Nxb5 21. Nxb5
Qxb5 22. Ra5 Qb8 23. Bg3 Ne8 24. Ra6 f5 25. Nxd6 Bd4+ 26. Kh1 f4 27. Bh4 g5 28.
Nxe8 Rfxe8 29. Bf2 Qe5 30. Bxd4 Qxd4 31. Rd1 Qb4 32. d6 Rd7 33. e5 Re6 34. Rc6
Qa4 35. Rxc5 Kg7 36. Rd2 Qb3 37. Kg2 Qb6 38. Qc4 Re8 39. Rc7 1-0

[Event "DEN-ch 1989"]
[Site "Aalborg"]
[Date "1989.??.??"]
[Round "3"]
[White "Mortensen, Erling"]
[Black "Larsen, Bent"]
[Result "1-0"]
[WhiteElo "2480"]
[BlackElo "2580"]
[PlyCount "113"]
[EventDate "1989.??.??"]

1. e4 c5 2. Nf3 d6 3. d4 cxd4 4. Nxd4 Nf6 5. Nc3 Nbd7 6. g4 Nc5 7. f3 g6 8. Be3
Bd7 9. h4 a6 10. h5 b5 11. b4 Na4 12. Nxa4 bxa4 13. hxg6 fxg6 14. Bc4 Qc8 15.
Qd3 Bg7 16. O-O-O a5 17. b5 Rb8 18. a3 Rb7 19. Rhe1 Kf8 20. Nc6 Bxc6 21. bxc6
Qxc6 22. e5 dxe5 23. Qd8+ Qe8 24. Be6 Qxd8 25. Rxd8+ Ne8 26. Red1 e4 27. fxe4
Bb2+ 28. Kd2 Kg7 29. Ke2 Rc7 30. c4 h6 31. Rf1 Nf6 32. Rd2 Be5 33. Rd5 Bb2 34.
e5 Nxd5 35. Rf7+ Kg8 36. cxd5 Bxe5 37. Rf5+ Kh7 38. Rxe5 Rb8 39. Re4 Rb2+ 40.
Kf3 Rb3 41. Rxa4 Rcc3 42. Re4 Rxa3 43. Bd7 Rxe3+ 44. Rxe3 Rxe3+ 45. Kxe3 Kg7
46. Ke4 Kf6 47. Kf4 Kf7 48. Ke5 Kf8 49. Ke6 g5 50. Kf5 Kg7 51. Bc6 Kf7 52. Ba4
Kg7 53. Bb3 Kh7 54. Ke6 h5 55. Kxe7 hxg4 56. d6 g3 57. Bd5 1-0

[Event "DEN-ch 1989"]
[Site "Aalborg"]
[Date "1989.??.??"]
[Round "3"]
[White "Fries Nielsen, Niels Jorgen"]
[Black "Kristiansen, Jens"]
[Result "1/2-1/2"]
[WhiteElo "2340"]
[BlackElo "2445"]
[PlyCount "81"]
[EventDate "1989.??.??"]

1. d4 Nf6 2. Nc3 d5 3. Bg5 Nbd7 4. Qd3 g6 5. O-O-O Bg7 6. f3 c6 7. e4 O-O 8.
Qd2 b5 9. e5 Ne8 10. h4 f6 11. Bh6 fxe5 12. dxe5 Nxe5 13. h5 Bxh6 14. Qxh6 Nf7
15. Qd2 g5 16. h6 e5 17. Bd3 Qf6 18. Nge2 Ned6 19. Rdf1 Nc4 20. Bxc4 bxc4 21.
g3 Bf5 22. f4 d4 23. fxe5 dxc3 24. Qxc3 Nxe5 25. g4 Nd3+ 26. cxd3 Qxc3+ 27.
Nxc3 Bxd3 28. Rxf8+ Rxf8 29. Rh5 Rf2 30. Rxg5+ Kf7 31. Rc5 Kg6 32. Rxc6+ Kg5
33. Nd5 Rc2+ 34. Kd1 Rxb2 35. Ne3 Rxa2 36. Nxc4 Rc2 37. Ne5 Rxc6 38. Nxc6 a6
39. Nd4 Kxh6 40. Ne6 Bc4 41. Nf8 1/2-1/2

[Event "DEN-ch 1989"]
[Site "Aalborg"]
[Date "1989.??.??"]
[Round "3"]
[White "Schandorff, Lars"]
[Black "Fries Nielsen, Jens Ove"]
[Result "1/2-1/2"]
[WhiteElo "2455"]
[BlackElo "2400"]
[PlyCount "44"]
[EventDate "1989.??.??"]

1. d4 Nf6 2. c4 e6 3. Nc3 Bb4 4. Qc2 O-O 5. a3 Bxc3+ 6. Qxc3 a5 7. f3 d5 8.
cxd5 Nxd5 9. Qd3 f5 10. e4 fxe4 11. fxe4 Qh4+ 12. g3 Qf6 13. Nf3 Qxf3 14. Qxf3
Rxf3 15. exd5 exd5 16. Bg2 Rf5 17. g4 Rf8 18. Bxd5+ Kh8 19. h3 Ra6 20. Be3 Rd6
21. Bg2 Be6 22. Rc1 Nc6 1/2-1/2

[Event "DEN-ch 1989"]
[Site "Aalborg"]
[Date "1989.??.??"]
[Round "3"]
[White "Sorensen, Jan"]
[Black "Jakobsen, Ole"]
[Result "1-0"]
[WhiteElo "2335"]
[BlackElo "2380"]
[PlyCount "55"]
[EventDate "1989.??.??"]

1. e4 g6 2. d4 Bg7 3. Nc3 d6 4. Bc4 Nc6 5. Nf3 Nf6 6. h3 O-O 7. Qe2 Nd7 8. Be3
Nb6 9. Bb3 Na5 10. O-O Bd7 11. Nd2 Rc8 12. Rfd1 a6 13. a4 c5 14. dxc5 dxc5 15.
Nc4 Nbxc4 16. Bxc4 e6 17. f4 Bd4 18. Ba2 Qb6 19. Rab1 Rfd8 20. Bxd4 cxd4 21.
Qf2 Be8 22. e5 Qb4 23. Ne4 Qxa4 24. Qh4 h5 25. Qg5 Bc6 26. Nf6+ Kf8 27. Bxe6
fxe6 28. Qh6+ 1-0

[Event "DEN-ch 1989"]
[Site "Aalborg"]
[Date "1989.??.??"]
[Round "4"]
[White "Berg, Klaus"]
[Black "Mortensen, Erling"]
[Result "1/2-1/2"]
[WhiteElo "2420"]
[BlackElo "2480"]
[PlyCount "100"]
[EventDate "1989.??.??"]

1. e4 c5 2. Nc3 Nc6 3. f4 g6 4. Nf3 Bg7 5. Bb5 Nd4 6. O-O a6 7. Be2 e6 8. d3
Ne7 9. Be3 d5 10. Bf2 b5 11. e5 Nec6 12. Nxd4 cxd4 13. Nb1 g5 14. g3 O-O 15.
Nd2 gxf4 16. gxf4 f6 17. Bh4 Qc7 18. exf6 Bxf6 19. Bg3 Bd7 20. Bg4 Kh8 21. Qe2
Rae8 22. Nf3 Bc8 23. Ne5 Rg8 24. Kh1 Re7 25. Bh5 Nxe5 26. fxe5 Bg5 27. Bf2 Be3
28. Bh4 Bg5 29. Bxg5 Rxg5 30. Rf8+ Kg7 31. Qf3 Rf5 32. Rxf5 exf5 33. Rg1+ Kf8
34. Qxd5 Re6 35. Bf3 Qxe5 36. Qd8+ Re8 37. Qg5 Be6 38. Qh6+ Ke7 39. Qxh7+ Kd6
40. Qh4 Bd5 41. Qf2 Qf4 42. Rg3 Bxf3+ 43. Rxf3 Qc1+ 44. Kg2 Rg8+ 45. Rg3 Rxg3+
46. Qxg3+ Ke6 47. Qg6+ Ke5 48. Qg7+ Kd5 49. Qd7+ Ke5 50. Qc7+ Kd5 1/2-1/2

[Event "DEN-ch 1989"]
[Site "Aalborg"]
[Date "1989.??.??"]
[Round "4"]
[White "Hoi, Carsten"]
[Black "Jelling, Erik"]
[Result "1/2-1/2"]
[WhiteElo "2510"]
[BlackElo "2355"]
[PlyCount "51"]
[EventDate "1989.??.??"]

1. d4 d5 2. c4 c6 3. Nf3 Nf6 4. Nc3 dxc4 5. a4 Bf5 6. e3 e6 7. Bxc4 Bb4 8. O-O
O-O 9. Qb3 Qe7 10. Nh4 Bg4 11. f3 Bh5 12. g3 Rd8 13. Na2 Ba5 14. Qc2 c5 15.
dxc5 Nc6 16. Bb5 Nb4 17. Nxb4 Bxb4 18. c6 bxc6 19. Be2 Nd5 20. Kh1 Bc5 21. Ng2
a5 22. Bd2 Qa7 23. e4 Nb4 24. Bxb4 Bxb4 25. Rad1 Qb6 26. Nf4 1/2-1/2

[Event "DEN-ch 1989"]
[Site "Aalborg"]
[Date "1989.??.??"]
[Round "4"]
[White "Jakobsen, Ole"]
[Black "Fries Nielsen, Jens Ove"]
[Result "0-1"]
[WhiteElo "2380"]
[BlackElo "2400"]
[PlyCount "54"]
[EventDate "1989.??.??"]

1. c4 e5 2. g3 Nf6 3. Bg2 d5 4. cxd5 Nxd5 5. Nc3 Nb6 6. Nf3 Nc6 7. O-O Be7 8.
a3 g5 9. b4 g4 10. Ne1 h5 11. Nd3 h4 12. b5 Nd4 13. Nxe5 Qd6 14. e3 Qxe5 15.
exd4 Qxd4 16. Re1 hxg3 17. hxg3 Be6 18. Bxb7 Rd8 19. Qe2 Nc4 20. a4 Rh3 21. Kg2
Qh8 22. Qe4 Kf8 23. Kg1 Nd6 24. Qg2 Nxb7 25. Rxe6 fxe6 26. Qxb7 Rd5 27. Qc8+
Bd8 0-1

[Event "DEN-ch 1989"]
[Site "Aalborg"]
[Date "1989.??.??"]
[Round "4"]
[White "Kristiansen, Jens"]
[Black "Schandorff, Lars"]
[Result "1/2-1/2"]
[WhiteElo "2445"]
[BlackElo "2455"]
[PlyCount "70"]
[EventDate "1989.??.??"]

1. c4 c5 2. Nf3 Nf6 3. Nc3 e6 4. d4 cxd4 5. Nxd4 Bb4 6. g3 O-O 7. Bg2 d5 8. O-O
dxc4 9. Bg5 h6 10. Bxf6 Qxf6 11. Ne4 Qe7 12. a3 Ba5 13. Qa4 Bb6 14. Qxc4 e5 15.
Nc2 Be6 16. Qb4 Nc6 17. Qxe7 Nxe7 18. Nb4 Bd4 19. Nd3 Bc4 20. Rfd1 Rad8 21.
Nec5 b6 22. Rac1 Bxc5 23. Rxc4 Bd6 24. Ra4 Bb8 25. Rc4 f5 26. Rdc1 Rc8 27. Nb4
Rxc4 28. Rxc4 Rd8 29. e4 Rd1+ 30. Bf1 Bd6 31. exf5 Nxf5 32. Nc6 a5 33. b4 axb4
34. axb4 Nd4 35. Nxd4 Rxd4 1/2-1/2

[Event "DEN-ch 1989"]
[Site "Aalborg"]
[Date "1989.??.??"]
[Round "4"]
[White "Larsen, Bent"]
[Black "Fries Nielsen, Niels Jorgen"]
[Result "1-0"]
[WhiteElo "2580"]
[BlackElo "2340"]
[PlyCount "67"]
[EventDate "1989.??.??"]

1. Nf3 g6 2. e4 Bg7 3. d4 d6 4. h3 Nf6 5. Nc3 O-O 6. Be3 a6 7. a4 b6 8. Be2 Bb7
9. Nd2 c5 10. d5 e6 11. Nc4 exd5 12. exd5 b5 13. axb5 axb5 14. Rxa8 Bxa8 15.
Nxb5 Nxd5 16. Bc1 Nc7 17. Nxc7 Qxc7 18. O-O d5 19. Bf3 Bc6 20. Bxd5 Rd8 21. Ne3
Bd4 22. c4 Bxe3 23. Bxe3 Bxd5 24. cxd5 Qe5 25. Qa4 Qxd5 26. Rc1 Rc8 27. Qg4 f5
28. Qh4 c4 29. Bd4 Nc6 30. Bc3 Qf7 31. Rd1 Re8 32. Rd6 Ne5 33. Qd4 g5 34. Rd8
1-0

[Event "DEN-ch 1989"]
[Site "Aalborg"]
[Date "1989.??.??"]
[Round "4"]
[White "Sorensen, Jan"]
[Black "Jacobsen, Bo"]
[Result "1/2-1/2"]
[WhiteElo "2335"]
[BlackElo "2320"]
[PlyCount "59"]
[EventDate "1989.??.??"]

1. e4 e5 2. Nc3 Nf6 3. f4 d5 4. fxe5 Nxe4 5. Nf3 Bc5 6. d4 Bb4 7. Bd2 c5 8. a3
Ba5 9. dxc5 Nxc3 10. Bxc3 Bxc3+ 11. bxc3 Be6 12. Bb5+ Nc6 13. O-O O-O 14. Bxc6
bxc6 15. Qd4 Qe7 16. Ne1 Bc8 17. Nd3 Ba6 18. Rf3 Bxd3 19. cxd3 Rae8 20. Re1 Rb8
21. Ref1 Rb5 22. a4 Ra5 23. Qg4 Qxc5+ 24. d4 Qe7 25. Rf6 h5 26. Qxh5 Rxa4 27.
e6 gxf6 28. Qg4+ Kh8 29. Qh4+ Kg8 30. Qg4+ 1/2-1/2

[Event "DEN-ch 1989"]
[Site "Aalborg"]
[Date "1989.??.??"]
[Round "5"]
[White "Jacobsen, Bo"]
[Black "Jakobsen, Ole"]
[Result "0-1"]
[WhiteElo "2320"]
[BlackElo "2380"]
[PlyCount "46"]
[EventDate "1989.??.??"]

1. Nf3 Nf6 2. c4 g6 3. g3 Bg7 4. Bg2 O-O 5. O-O d5 6. cxd5 Nxd5 7. Nc3 Nc6 8.
a3 Nb6 9. d3 h6 10. Nd2 e5 11. Nb3 Nd4 12. Nc5 c6 13. b4 Nd5 14. Nxd5 cxd5 15.
e3 Ne6 16. Qb3 Nc7 17. Bb2 b6 18. Na4 Be6 19. d4 e4 20. b5 Qd7 21. Nc3 Bh3 22.
Bxh3 Qxh3 23. Nxd5 Qe6 0-1

[Event "DEN-ch 1989"]
[Site "Aalborg"]
[Date "1989.??.??"]
[Round "5"]
[White "Jelling, Erik"]
[Black "Sorensen, Jan"]
[Result "1/2-1/2"]
[WhiteElo "2355"]
[BlackElo "2335"]
[PlyCount "88"]
[EventDate "1989.??.??"]

1. d4 Nf6 2. Nf3 g6 3. Bf4 Bg7 4. e3 O-O 5. Be2 c5 6. c3 d6 7. h3 Nc6 8. O-O
Bf5 9. Bh2 cxd4 10. exd4 d5 11. Ne5 Ne4 12. Nd2 Nxe5 13. dxe5 Nxd2 14. Qxd2 Qb6
15. Bf4 Rad8 16. Rad1 Qa5 17. a3 Rd7 18. Bh6 Qb6 19. Bxg7 Kxg7 20. Qd4 Qxd4 21.
Rxd4 a6 22. Rfd1 Rfd8 23. f4 f6 24. exf6+ Kxf6 25. Bf3 Be6 26. h4 h5 27. Kf2 b6
28. R1d2 Rd6 29. Re2 Bf5 30. Re5 e6 31. Re1 Rc8 32. Be2 a5 33. Bb5 Rc5 34. a4
Rd8 35. Re5 Rdc8 36. Ke3 R8c7 37. Rd2 Be4 38. Re2 Bf5 39. Kd4 Bg4 40. Re1 Bf5
41. Ra1 Rc8 42. Ree1 Be4 43. Re2 Kf5 44. Ke3 R8c7 1/2-1/2

[Event "DEN-ch 1989"]
[Site "Aalborg"]
[Date "1989.??.??"]
[Round "5"]
[White "Mortensen, Erling"]
[Black "Hoi, Carsten"]
[Result "1-0"]
[WhiteElo "2480"]
[BlackElo "2510"]
[PlyCount "75"]
[EventDate "1989.??.??"]

1. Nf3 Nf6 2. g3 g6 3. Bg2 Bg7 4. c4 O-O 5. d4 d6 6. Nc3 Nc6 7. O-O e5 8. d5
Ne7 9. e4 Nd7 10. b4 a5 11. bxa5 f5 12. Ba3 h6 13. Bb4 Nf6 14. Qb3 fxe4 15. Nd2
Nf5 16. Ndxe4 Nd4 17. Qd1 h5 18. h3 h4 19. Nxf6+ Qxf6 20. Ne4 Qe7 21. g4 Bh6
22. c5 Ra6 23. cxd6 cxd6 24. Rb1 Rf7 25. Re1 Qd8 26. Bc3 Qf8 27. Rb6 Rc7 28.
Bxd4 Rc1 29. Qe2 Rxe1+ 30. Qxe1 exd4 31. Qb4 Rxb6 32. axb6 Qf4 33. Qxd4 Bg7 34.
Qe3 Qe5 35. Qg5 Qa1+ 36. Bf1 Qe1 37. Qxg6 Bd7 38. Nf6+ 1-0

[Event "DEN-ch 1989"]
[Site "Aalborg"]
[Date "1989.??.??"]
[Round "5"]
[White "Fries Nielsen, Jens Ove"]
[Black "Kristiansen, Jens"]
[Result "1/2-1/2"]
[WhiteElo "2400"]
[BlackElo "2445"]
[PlyCount "85"]
[EventDate "1989.??.??"]

1. Nf3 b6 2. b4 Bb7 3. Bb2 e6 4. e3 Nf6 5. b5 c5 6. Be2 d5 7. O-O Nbd7 8. d3
Bd6 9. Nbd2 O-O 10. c4 Qe7 11. a4 Rad8 12. a5 Bb8 13. Qa4 e5 14. cxd5 Nxd5 15.
Nc4 f5 16. axb6 axb6 17. g3 e4 18. dxe4 fxe4 19. Nh4 N7f6 20. Qb3 Qe6 21. Rad1
Kh8 22. Rd2 Nb4 23. Rxd8 Rxd8 24. f3 exf3 25. Nxf3 Ne4 26. Nd4 cxd4 27. Qxb4
Nf6 28. Bxd4 Qh3 29. Kf2 Qxh2+ 30. Ke1 Bg2 31. Rxf6 Bxg3+ 32. Kd2 gxf6 33. Qe7
Rxd4+ 34. exd4 Qh6+ 35. Kc2 f5 36. Qd8+ Kg7 37. Qe7+ Kg8 38. Ne5 Be4+ 39. Kb3
Bd5+ 40. Kc2 Bxe5 41. Qd8+ Kg7 42. Qxd5 Bf6 43. Qxf5 1/2-1/2

[Event "DEN-ch 1989"]
[Site "Aalborg"]
[Date "1989.??.??"]
[Round "6"]
[White "Berg, Klaus"]
[Black "Schandorff, Lars"]
[Result "1/2-1/2"]
[WhiteElo "2420"]
[BlackElo "2455"]
[PlyCount "66"]
[EventDate "1989.??.??"]

1. e4 c5 2. Nc3 e6 3. Nf3 d6 4. g3 Nc6 5. Bg2 Nf6 6. O-O Be7 7. d3 Rb8 8. Ng5
O-O 9. f4 Nd7 10. Qh5 Bxg5 11. fxg5 Nde5 12. Be3 Bd7 13. Rf4 Ng6 14. Rf2 Nce5
15. Ne2 Bc6 16. Nf4 Qe7 17. Qe2 b5 18. Raf1 b4 19. h4 Rfd8 20. Nxg6 fxg6 21.
Bh3 Bd7 22. Bf4 Nc6 23. Be3 Rf8 24. Rxf8+ Rxf8 25. Rxf8+ Kxf8 26. e5 Nxe5 27.
Bxc5 Nxd3 28. Qf3+ Ke8 29. Bxa7 Nxb2 30. Qa8+ Kf7 31. Qf3+ Ke8 32. Qa8+ Kf7 33.
Qf3+ Ke8 1/2-1/2

[Event "DEN-ch 1989"]
[Site "Aalborg"]
[Date "1989.??.??"]
[Round "6"]
[White "Hoi, Carsten"]
[Black "Fries Nielsen, Niels Jorgen"]
[Result "1/2-1/2"]
[WhiteElo "2510"]
[BlackElo "2340"]
[PlyCount "31"]
[EventDate "1989.??.??"]

1. d4 Nf6 2. c4 e6 3. Nc3 Bb4 4. e3 O-O 5. Bd3 d5 6. Nge2 dxc4 7. Bxc4 c5 8.
O-O Nc6 9. a3 cxd4 10. exd4 Bd6 11. h3 h6 12. Be3 Ne7 13. Bd3 Ned5 14. Bc2 Bd7
15. Nxd5 Nxd5 16. Qd3 1/2-1/2